Kvantitatívne aspekty molekulovej taxonómie vláknitých húb

Salvato in:
Dettagli Bibliografici
Autore principale: Kunštek, Michal
Natura: Software Libro
Lingua:slovacco
Pubblicazione: Bratislava STU FCHPT 2007
Accesso online:Visualizza in OPAC
Tags: Aggiungi Tag
Nessun Tag, puoi essere il primo ad aggiungerne!!

MARC

LEADER 00000nam a2200000 a 4500
005 20260127134255.0
007 co ugu
008 060607 2006 xo 000 0 slo d
035 |a vtls009084685 
039 9 |y 200708021147  |z mschk03 
040 |a STUSCHK1  |b slo  |c STUSCHK1  |e AACR2 
100 1 |a Kunštek, Michal 
245 1 |a Kvantitatívne aspekty molekulovej taxonómie vláknitých húb  |c Michal Kunštek 
260 |a Bratislava  |b STU FCHPT  |c 2007 
500 |a Obháj.: 7.6. 2007 
500 |a Špec.: Biomedicínske inžinierstvo, biochémia a mikrobiológia 
500 |a Ústav biochémie, výživy a ochrany zdravia 
500 |a Diplomová práca na CD-ROMe 
910 |a SCHK95 
999 |c 8488  |d 8488